Luật chứng khoán
Trình bày những vấn đề chung về thị trường chứng khoán và pháp luật thị trường chứng khoán, những định hướng, giải pháp căn bản nhằm hoàn thiện pháp luật chứng khoán và thị trường chứng khoán ở Việt Nam....
Na minha lista:
| Formato: | Livro |
|---|---|
| Idioma: | Undetermined |
| Publicado em: |
Hà Nội
Tài Chính
2006
|
| Assuntos: | |
| Tags: |
Adicionar Tag
Sem tags, seja o primeiro a adicionar uma tag!
|
| Thư viện lưu trữ: | Trung tâm Học liệu Trường Đại học Cần Thơ |
|---|
| LEADER | 00908nam a2200205Ia 4500 | ||
|---|---|---|---|
| 001 | CTU_110378 | ||
| 008 | 210402s9999 xx 000 0 und d | ||
| 020 | |c 20000 | ||
| 082 | |a 346.597092 | ||
| 082 | |b L504 | ||
| 245 | 0 | |a Luật chứng khoán | |
| 245 | 0 | |c Hội gia Việt Nam. Trung tâm Thông tin tư vấn pháp luật | |
| 260 | |a Hà Nội | ||
| 260 | |b Tài Chính | ||
| 260 | |c 2006 | ||
| 520 | |a Trình bày những vấn đề chung về thị trường chứng khoán và pháp luật thị trường chứng khoán, những định hướng, giải pháp căn bản nhằm hoàn thiện pháp luật chứng khoán và thị trường chứng khoán ở Việt Nam. | ||
| 650 | |a Stock exchanges | ||
| 650 | |x Law and legislation | ||
| 904 | |i M.Loan | ||
| 980 | |a Trung tâm Học liệu Trường Đại học Cần Thơ | ||